Han unbound <the> political economy of South Korea
Saved in:
| Main Author: | |
|---|---|
| Format: | Book |
| Language: | English |
| Published: |
Stanford
Stanford University Press
1998
|
| Series: | Economics/sociology
|
| Subjects: | |
| Tags: |
No Tags, Be the first to tag this record!
|
MARC
| LEADER | 00000nam$a2200000$$$4500 | ||
|---|---|---|---|
| 001 | 0033799 | ||
| 005 | 20221129101335.9 | ||
| 020 | |a 0-8047-4015-1 | ||
| 041 | 0 | |a eng | |
| 044 | |a US | ||
| 245 | 1 | 0 | |a Han unbound |b <the> political economy of South Korea |c John Lie |
| 264 | 1 | |a Stanford |b Stanford University Press |c 1998 | |
| 300 | |a 255 s. | ||
| 490 | 1 | |a Economics/sociology | |
| 830 | 0 | |a Economics/sociology | |
| 610 | 2 | 0 | |a Južná Kórea |
| 610 | 2 | 0 | |a ekonómia politická |
| 610 | 2 | 0 | |a politika |
| 610 | 2 | 0 | |a vláda |
| 610 | 2 | 0 | |a vývoj hospodársky |
| 610 | 2 | 0 | |a vývoj politický |
| 610 | 2 | 0 | |a vývoj sociálny |
| 610 | 2 | 0 | |a história |
| 100 | 1 | |a Lie, John | |